banner-ar

A TEXT BOOK OF WORKSHOP TECHNOLOGY (MANUFACTURING PROCESSES) / (Record no. 19870)

MARC details
000 -الفاتح
حقل البيانات ثابتة الطول 00577nam a2200205Ia 4500
008 - عناصر البيانات ثابتة الطول - معلومات عامة
حقل البيانات ثابتة الطول 140319s9999 xx 000 0 eng d
040 ## - مصدر الفهرسة
وكالة الفهرسة الأصلية GCL /
وكالة النسخ GCL
082 04 - رقم تصنيف ديوى العشرى
رقم التصنيف 671.3
رقم المادة K T
100 1# - المدخل الرئيسى - إسم شخصى
الإسم الشخصى KHURMI, R.S.
245 10 - بيان العنوان
العنوان A TEXT BOOK OF WORKSHOP TECHNOLOGY (MANUFACTURING PROCESSES) /
بيان المسئوليه,etc KHURMI, R.S.
700 1# - المدخل الاضافى - اسم شخصى
الإسم الشخصى GUPTA, J.K.
260 ## - PUBLICATION, DISTRIBUTION, ETC. (IMPRINT)
تاريخ النشر أو التوزيع 1991
300 ## - الوصف المادى
التعداد 417 P
650 04 - المدخل الاضافى بالموضوع-مصطلح موضوعى
مصطلح موضوعي التحليل الرياضى
650 04 - المدخل الاضافى بالموضوع-مصطلح موضوعى
مصطلح موضوعي MANUFACTURING PROCESSES
650 04 - المدخل الاضافى بالموضوع-مصطلح موضوعى
مصطلح موضوعي WORKSHOPS
650 04 - المدخل الاضافى بالموضوع-مصطلح موضوعى
مصطلح موضوعي METAL - WORKS
942 ## - عناصر المدخل الإضافي( كوها)
مصدر التصنيف او مخطط الترفيف Dewey Decimal Classification
Koha [default] item type كتاب
260 ## - PUBLICATION, DISTRIBUTION, ETC. (IMPRINT)
-- [S.N] :
-- S. CHAND & COMPANY LTD ،
Holdings
حالة التراجع حالة الفقد حالة تلف ليس للاعارة المكان المؤقت الموقع الحالى تاريخ الاكتساب اجمالي اﻻعارات رقم الطلب الباركود تاريخ اخر مشاهدة تاريخ تفعيل السعر نوع وعاء كوها
        مكتبة القاهرة الكبرى مكتبة القاهرة الكبرى 03/26/2014   671.3\K T 37607 03/26/2014 03/26/2014 كتاب

Powered By

EGPV